000 00977nam a2200289 c 4500
003 BLK
005 20210508121440.0
008 180411b bul|||||r ||||||| ||bul||
010 _aKNG00196587000
040 _aBLK
041 _aBUL
_cBUL
080 _aБългарска литература
_b821.163.2
_x-4
_z821.163.2-4
100 1 _aСивриев, Станислав
_eпърви автор
_9377489
139 _aСивриев, Станислав
_bС 35
245 1 0 _aКато печелим - какво губим
_bХудожествена публицистика
_cСтанислав Сивриев.
250 _a2. изд.
257 _aBGR
260 София
_bВоен. изд.
_c1988
300 _a139 с.
_c20 см
380 _aX
500 _a1. изд. 1978. - 10 135 тир.
852 _aЦб 156722
856 4 _qpdf
_u
856 4 _qpdf
_u
942 _cKNG
_n0
_01
944 _aCR
_c22.11.2016
_kНора_Радева
944 _aED
_c22.11.2016
_kНора_Радева
999 _c187571
_d187571